[Event "XI Weekend C"]
[Site "Gorgonzola ITA"]
[Date "2006.11.18"]
[Round "4"]
[White "Paolini, Novello Massimo"]
[Black "Megna, Giuseppe"]
[Result "1-0"]
[WhiteElo "1688"]
[BlackElo "1691"]
[PlyCount "95"]
[EventDate "2006.11.11"]

1. d4 d5 2. c4 e6 3. cxd5 exd5 4. Nc3 Nf6 5. Bg5 Be7 6. Qc2 O-O 7. e3 b6 8. Bd3
Ba6 9. Nge2 Bxd3 10. Qxd3 Re8 11. O-O Nbd7 12. Rad1 c6 13. f3 Bd6 14. Kh1 h6
15. Bh4 Qe7 16. e4 g5 17. Bg3 Rad8 18. e5 Bxe5 19. dxe5 Nxe5 20. Bxe5 Qxe5 21.
Nd4 c5 22. Nc6 Qf4 23. Nxd8 Rxd8 24. Ne2 Qe5 25. b3 Nh5 26. Ng3 Nf4 27. Qc2 Re8
28. Kg1 Qf6 29. Rfe1 Rd8 30. Ne2 Ne6 31. Rf1 d4 32. Ng3 Nf4 33. Ne4 Qg6 34. g3
d3 35. Qb2 Rd4 36. gxf4 gxf4+ 37. Qg2 Qxg2+ 38. Kxg2 f5 39. Nd2 b5 40. Rc1 Rd5
41. Kf2 Kf7 42. Rg1 Kf6 43. h4 Ke5 44. Rg6 Kd4 45. Re6 a5 46. a4 c4 47. bxc4
Rc5 48. Nb3# 1-0

[Event "XI Weekend C"]
[Site "Gorgonzola ITA"]
[Date "2006.11.18"]
[Round "4"]
[White "Patrucco, Carlo"]
[Black "Sbernini, Daniele"]
[Result "1/2-1/2"]
[WhiteElo "1700"]
[BlackElo "1596"]
[PlyCount "68"]
[EventDate "2006.11.11"]

1. e4 c5 2. Nc3 Nc6 3. d3 d6 4. g3 g6 5. Bg2 Bg7 6. Be3 Rb8 7. f4 e6 8. Qd2
Nge7 9. Nf3 O-O 10. O-O b5 11. Nh4 b4 12. Nd1 f5 13. c3 a5 14. exf5 exf5 15. d4
cxd4 16. Bxd4 Nxd4 17. cxd4 Qb6 18. Nf3 Nc6 19. Nf2 Nxd4 20. Rad1 Nxf3+ 21.
Bxf3 Bb7 22. Bxb7 Qxb7 23. b3 Rfd8 24. Qe2 Qf7 25. Qa6 Ra8 26. Qc6 d5 27. Rfe1
d4 28. Re6 Rdc8 29. Qd6 Re8 30. Rde1 Rxe6 31. Rxe6 Re8 32. Rxe8+ Qxe8 33. Qd5+
Kh8 34. Qxa5 Bf8 1/2-1/2

[Event "XI Weekend C"]
[Site "Gorgonzola ITA"]
[Date "2006.11.18"]
[Round "4"]
[White "Pezzotta, Gianni"]
[Black "Raimondi, Davide"]
[Result "1/2-1/2"]
[WhiteElo "1504"]
[BlackElo "1678"]
[PlyCount "38"]
[EventDate "2006.11.11"]

1. d4 d5 2. Nf3 e6 3. c3 c5 4. Nbd2 Nc6 5. e3 Nf6 6. Bd3 Bd6 7. O-O cxd4 8.
exd4 O-O 9. Re1 Qc7 10. h3 b6 11. b4 a6 12. Bb2 Bb7 13. b5 axb5 14. Bxb5 Ba6
15. Bxc6 Qxc6 16. Ne5 Qc7 17. a4 Nd7 18. Ndf3 Nxe5 19. Nxe5 Rfd8 1/2-1/2

[Event "XI Weekend C"]
[Site "Gorgonzola ITA"]
[Date "2006.11.18"]
[Round "4"]
[White "Politi, Marco Augusto"]
[Black "Menato, Nazario"]
[Result "1-0"]
[WhiteElo "1643"]
[BlackElo "1544"]
[PlyCount "73"]
[EventDate "2006.11.11"]

1. c4 e5 2. Nc3 Nf6 3. e3 d6 4. d3 Nc6 5. a3 a6 6. b4 Bd7 7. Nf3 Be7 8. Be2 O-O
9. Bb2 b5 10. cxb5 axb5 11. Nxb5 Nxb4 12. Nc3 Nbd5 13. O-O h6 14. Nxd5 Nxd5 15.
Qd2 c5 16. Rfc1 Qa5 17. Bd1 Bg4 18. Qxa5 Rxa5 19. h3 Be6 20. Nd2 Rb8 21. Bc3
Nxc3 22. Rxc3 Rb2 23. Nc4 Rab5 24. Nxb2 Rxb2 25. a4 Bf6 26. e4 Bh4 27. Rc2 Rb3
28. Be2 Bd8 29. a5 Rb8 30. a6 Ra8 31. Rb2 Kh7 32. a7 Bf6 33. Rb8 Rxa7 34. Rxa7
Kg6 35. Bg4 Bxg4 36. hxg4 Bg5 37. Rbb7 1-0

[Event "XI Weekend C"]
[Site "Gorgonzola ITA"]
[Date "2006.11.18"]
[Round "4"]
[White "Ragoso, Mario"]
[Black "Safira, Anamaria"]
[Result "1-0"]
[WhiteElo "1604"]
[BlackElo "1689"]
[PlyCount "76"]
[EventDate "2006.11.11"]

1. d4 d5 2. c4 c6 3. Nc3 Bf5 4. cxd5 cxd5 5. Qb3 e6 6. Qxb7 Nd7 7. Bf4 Qc8 8.
Qb3 a6 9. Rc1 Qd8 10. Nf3 Ngf6 11. e3 Be7 12. Ne5 O-O 13. Nc6 Qe8 14. Be2 Ne4
15. Nxe7+ Qxe7 16. Nxe4 Bxe4 17. Rc6 e5 18. dxe5 Nxe5 19. Rxa6 Rxa6 20. Bxa6
Bxg2 21. Bxe5 Bxh1 22. Qc3 f6 23. Bg3 Be4 24. b4 Ra8 25. a4 Rd8 26. Qd4 Bf5 27.
a5 Qe4 28. Qxe4 dxe4 29. Be2 Bd7 30. b5 Rc8 31. b6 Bc6 32. a6 Ba8 33. b7 Bxb7
34. axb7 Rc1+ 35. Kd2 Rb1 36. b8=Q+ Rxb8 37. Bxb8 Kf7 38. Bc4+ Kg6 1-0

[Event "XI Weekend C"]
[Site "Gorgonzola ITA"]
[Date "2006.11.18"]
[Round "4"]
[White "Rinaldo, Andrea"]
[Black "Gazzetta, Marco"]
[Result "1/2-1/2"]
[WhiteElo "1748"]
[BlackElo "1673"]
[PlyCount "58"]
[EventDate "2006.11.11"]

1. Nf3 d5 2. g3 Nf6 3. Bg2 c6 4. d3 Bg4 5. h3 Bh5 6. b3 e6 7. Bb2 Bb4+ 8. Nbd2
Nbd7 9. a3 Ba5 10. O-O h6 11. c4 O-O 12. b4 Bc7 13. Qc2 Bg6 14. Rfe1 Re8 15. e4
dxe4 16. dxe4 a5 17. Rad1 axb4 18. axb4 Qe7 19. Qc3 Nb6 20. Qb3 Red8 21. e5 Ne8
22. Bf1 Bf5 23. Bd4 Bh7 24. Bxb6 Bxb6 25. c5 Bc7 26. Nc4 f6 27. Qe3 Rxd1 28.
Rxd1 Ra4 29. Qb3 Ra8 1/2-1/2

[Event "XI Weekend C"]
[Site "Gorgonzola ITA"]
[Date "2006.11.18"]
[Round "4"]
[White "Rossini, Walter"]
[Black "Loaldi, Davide"]
[Result "1-0"]
[WhiteElo "1514"]
[BlackElo "1524"]
[PlyCount "89"]
[EventDate "2006.11.11"]

1. c4 Nf6 2. d4 e6 3. Nf3 d5 4. Bg5 h6 5. Bh4 Bb4+ 6. Nc3 O-O 7. e3 Nbd7 8. Qb3
Bxc3+ 9. bxc3 c6 10. cxd5 exd5 11. c4 Qa5+ 12. Nd2 Ne4 13. Qc2 Nb6 14. c5 Nxd2
15. Qxd2 Qxd2+ 16. Kxd2 Nd7 17. Bd3 b6 18. cxb6 axb6 19. Rhc1 Bb7 20. Bf5 Nb8
21. Be7 Re8 22. Bd6 Rd8 23. Bc7 Re8 24. Bxb6 Bc8 25. Bxc8 Rxc8 26. a4 Ra6 27.
a5 Nd7 28. Rab1 Nf6 29. f3 Ne8 30. Rb5 Nd6 31. Rbc5 Nc4+ 32. Ke2 Nxb6 33. Rxc6
Rxc6 34. Rxc6 Rxa5 35. Rxb6 Kf8 36. Rc6 Ke7 37. f4 f5 38. Kf3 Kf7 39. Rc5 Rxc5
40. dxc5 Ke7 41. Ke2 Kd7 42. Kd3 Kc6 43. Kd4 g6 44. h4 h5 45. g3 1-0

[Event "XI Weekend C"]
[Site "Gorgonzola ITA"]
[Date "2006.11.18"]
[Round "4"]
[White "Scarabelli, Maurizio"]
[Black "Petetta, Roberto"]
[Result "1-0"]
[WhiteElo "1745"]
[BlackElo "1652"]
[PlyCount "115"]
[EventDate "2006.11.11"]

1. e4 c5 2. Nf3 Nc6 3. d4 cxd4 4. Nxd4 Nf6 5. Nc3 g6 6. Be3 Bg7 7. f3 O-O 8.
Qd2 d6 9. Bc4 Bd7 10. O-O-O a6 11. g4 Ne5 12. Bb3 Qa5 13. Bh6 Rac8 14. Bxg7
Kxg7 15. h4 Nexg4 16. fxg4 Bxg4 17. Rdg1 h5 18. Rf1 Rxc3 19. Rxf6 Rxc2+ 20.
Nxc2 Qxd2+ 21. Kxd2 Kxf6 22. Ke3 Be6 23. Bxe6 Kxe6 24. Nd4+ Kd7 25. Ne2 e6 26.
Kf4 f6 27. Ke3 e5 28. Rg1 Rg8 29. Ng3 Rh8 30. Ne2 Rh6 31. Nc3 f5 32. Nd5 Ke6
33. b4 Kf7 34. a4 Rh8 35. Rc1 f4+ 36. Kf3 g5 37. hxg5 Kg6 38. Rc7 Rh7 39. Rxh7
Kxh7 40. Nf6+ Kg6 41. Ne8 Kxg5 42. Nxd6 h4 43. Nf7+ Kf6 44. Nh6 h3 45. Ng4+ Ke6
46. Nh2 b6 47. Kg4 a5 48. bxa5 bxa5 49. Kxh3 Kd6 50. Kg4 Kc5 51. Kf5 Kd4 52.
Nf3+ Kc5 53. Nxe5 Kb4 54. Kxf4 Kxa4 55. Nc4 Kb5 56. Nxa5 Kxa5 57. Ke5 Kb6 58.
Kd6 1-0

[Event "XI Weekend C"]
[Site "Gorgonzola ITA"]
[Date "2006.11.19"]
[Round "5"]
[White "Babic, Vladimir"]
[Black "Patrucco, Carlo"]
[Result "1-0"]
[WhiteElo "1620"]
[BlackElo "1700"]
[PlyCount "129"]
[EventDate "2006.11.11"]

1. d4 Nf6 2. c4 c5 3. d5 b5 4. cxb5 a6 5. e3 g6 6. Nc3 Bg7 7. Bc4 O-O 8. Nge2
d6 9. O-O axb5 10. Bxb5 Ba6 11. a3 Qb6 12. Bxa6 Nxa6 13. e4 Rfb8 14. Rb1 Nd7
15. Bg5 Kf8 16. Qc1 Ne5 17. b3 Qa5 18. a4 Rb7 19. Nb5 Nc7 20. Bd2 Qa6 21. Nec3
Nd3 22. Nxc7 Nxc1 23. Nxa6 Bxc3 24. Bxc1 Rxa6 25. Bh6+ Ke8 26. Rfc1 Bd4 27. Be3
Bxe3 28. fxe3 Rab6 29. Rc3 Rb4 30. Kf2 Rxe4 31. Kf3 Rxa4 32. bxa4 Rxb1 33. Ra3
Rb7 34. Kf4 h6 35. h4 Kd7 36. g4 e6 37. dxe6+ Kxe6 38. a5 Rb4+ 39. e4 Rb7 40.
a6 Ra7 41. Ra4 d5 42. Ra5 Kd6 43. e5+ Kc6 44. h5 gxh5 45. gxh5 c4 46. Kf5 c3
47. Ra3 d4 48. Ke4 Kc5 49. Kd3 Kb4 50. Ra1 Kb3 51. Rb1+ Ka2 52. Rb6 Ka3 53.
Rxh6 Kb2 54. Rb6+ Kc1 55. h6 c2 56. Rc6 Kd1 57. Rxc2 Rxa6 58. Rh2 Ra3+ 59. Kxd4
Ra8 60. h7 Rh8 61. Ke3 Kc1 62. Kf4 Kd1 63. Kf5 Ke1 64. Kf6 Kf1 65. Kg7 1-0

[Event "XI Weekend C"]
[Site "Gorgonzola ITA"]
[Date "2006.11.19"]
[Round "5"]
[White "Basilico, Davide"]
[Black "Idili, Leonardo"]
[Result "1/2-1/2"]
[WhiteElo "1605"]
[BlackElo "1710"]
[PlyCount "151"]
[EventDate "2006.11.11"]

1. e4 c5 2. c3 Nf6 3. e5 Nd5 4. d4 cxd4 5. cxd4 Nc6 6. Nf3 d6 7. Bc4 Nb6 8. Bd3
Bg4 9. h3 Bxf3 10. Qxf3 dxe5 11. dxe5 Qc7 12. e6 Ne5 13. exf7+ Kd8 14. Qe4
Qxc1+ 15. Ke2 Qc7 16. Na3 Nxf7 17. Bb5 Nd6 18. Rhd1 Nd7 19. Qe6 Nxb5 20. Rac1
Nd6 21. Rxc7 Kxc7 22. Nb5+ Kd8 23. Nxd6 exd6 24. Qf7 Rc8 25. Rd2 Rc7 26. Qd5
Be7 27. Qf7 Re8 28. Kd1 Bf8 29. Qh5 Nf6 30. Qh4 Kc8 31. Qa4 Kb8 32. f3 Rce7 33.
Qb5 Re1+ 34. Kc2 Rc8+ 35. Kb3 Rc5 36. Qd3 Rd5 37. Qc3 Rb5+ 38. Ka4 Ree5 39. Rd4
Rec5 40. Qd2 a6 41. b4 Rd5 42. Rxd5 Nxd5 43. a3 Be7 44. Kb3 a5 45. Qd3 Nc7 46.
Qxh7 Bf6 47. Qg8+ Ka7 48. Qc4 Kb6 49. Qf4 Be5 50. Qe3+ Ka6 51. Qd3 Ka7 52. Qc4
Kb6 53. f4 d5 54. Qd3 Bf6 55. g4 axb4 56. axb4 Na6 57. Qg6 Rxb4+ 58. Kc2 Kb5
59. Qe8+ Kc4 60. Qe2+ Kc5 61. Qe3+ d4 62. Qd3 Rc4+ 63. Kd2 Rc3 64. Qf5+ Kc4 65.
g5 Bd8 66. Qf7+ Kb4 67. Qf8+ Kb3 68. Qxd8 Rc2+ 69. Kd1 Kc3 70. Qa5+ Nb4 71.
Qxb4+ Kxb4 72. Kxc2 Kc5 73. f5 Kd6 74. f6 gxf6 75. gxf6 b5 76. Kd3 1/2-1/2

[Event "XI Weekend C"]
[Site "Gorgonzola ITA"]
[Date "2006.11.19"]
[Round "5"]
[White "Brighenti, Alessandro"]
[Black "Calvi, Luca"]
[Result "1/2-1/2"]
[WhiteElo "1588"]
[BlackElo "1536"]
[PlyCount "80"]
[EventDate "2006.11.11"]

1. e4 e6 2. d4 d5 3. Nc3 Nc6 4. e5 Nge7 5. Bb5 a6 6. Bxc6+ bxc6 7. Bg5 c5 8.
Nf3 cxd4 9. Qxd4 Bd7 10. Rd1 Qc8 11. Rd3 c5 12. Qg4 Ng6 13. O-O c4 14. Rd2 Bc5
15. Rfd1 O-O 16. h4 Qb8 17. Nxd5 exd5 18. Qxd7 h6 19. h5 Ra7 20. Qxd5 hxg5 21.
hxg6 Rc7 22. gxf7+ Kh8 23. e6 Be7 24. Nxg5 Rc5 25. Rd4 g6 26. Rh4+ Kg7 27. Rh7+
Kf6 28. Qf3+ Kxg5 29. Rd4 Rf5 30. Rg4+ Kf6 31. Qc3+ Kxe6 32. Re4+ Kd7 33. Qd4+
Qd6 34. Qa7+ Kd8 35. Rd4 Rd5 36. Qa8+ Kc7 37. Rxc4+ Kd7 38. Qb7+ Ke6 39. Re4+
Re5 40. Qb3+ Qd5 1/2-1/2

[Event "XI Weekend C"]
[Site "Gorgonzola ITA"]
[Date "2006.11.19"]
[Round "5"]
[White "Crippa, Oscar"]
[Black "Ferraris, Fulvio"]
[Result "1-0"]
[WhiteElo "1607"]
[BlackElo "1706"]
[PlyCount "131"]
[EventDate "2006.11.11"]

1. e4 e6 2. d4 d5 3. e5 c5 4. c3 Bd7 5. Nf3 h6 6. Bd3 Nc6 7. O-O Rc8 8. a3 Qc7
9. Be3 c4 10. Bc2 Qb6 11. Qc1 Nge7 12. Nbd2 Na5 13. Rb1 Nb3 14. Qd1 Nxd2 15.
Nxd2 Nc6 16. f4 Be7 17. Qg4 g6 18. Kf2 Kd8 19. g3 h5 20. Qe2 h4 21. g4 h3 22.
Kg1 Bh4 23. Rf3 Kc7 24. Qf1 Kb8 25. Rxh3 Be7 26. Rxh8 Rxh8 27. Kg2 g5 28. fxg5
Nxe5 29. Bf4 Bd6 30. dxe5 Be7 31. Nf3 Qd8 32. Qf2 Bc6 33. Rd1 Qf8 34. h4 Kc8
35. Qxa7 Kd7 36. Kg3 Bc5 37. Qa5 Qe7 38. Nd4 b5 39. Nxc6 Kxc6 40. a4 Qb7 41.
axb5+ Kd7 42. Qa6 Rb8 43. Qxb7+ Rxb7 44. Ra1 Ke7 45. Ba4 Kf8 46. Kf3 d4 47.
cxd4 Bxd4 48. Ra2 Rd7 49. b6 Rb7 50. Be3 Bxe3 51. Kxe3 Rxb6 52. Bc2 Rb4 53. Bd1
Rb5 54. Kf4 Rb4 55. Ra4 Rxb2 56. Rxc4 Rf2+ 57. Ke3 Rh2 58. h5 Kg7 59. Bf3 Rb2
60. Rc7 Rb3+ 61. Kf4 Rb4+ 62. Be4 Rb8 63. g6 Rf8 64. Rxf7+ Rxf7+ 65. gxf7 Kxf7
66. Kg5 1-0

[Event "XI Weekend C"]
[Site "Gorgonzola ITA"]
[Date "2006.11.19"]
[Round "5"]
[White "Delle Fave, Fabio"]
[Black "Mariucci, Felice"]
[Result "1-0"]
[WhiteElo "1720"]
[BlackElo "1661"]
[PlyCount "137"]
[EventDate "2006.11.11"]

1. e4 e5 2. Nf3 Nc6 3. Bb5 g6 4. d3 Bg7 5. c3 d6 6. h3 Nf6 7. Be3 Bd7 8. Nbd2
O-O 9. O-O Qc8 10. Re1 a6 11. Ba4 b5 12. Bb3 Be6 13. Qc2 Na5 14. Bxe6 Qxe6 15.
b4 Nc6 16. d4 Qd7 17. d5 Ne7 18. c4 c6 19. dxc6 Qxc6 20. c5 Nd7 21. Nb3 d5 22.
Na5 Qc7 23. exd5 Nxd5 24. Qd2 Nxe3 25. fxe3 Rad8 26. Qc2 Bh6 27. Rad1 Nb6 28.
e4 Nc8 29. Rd5 Bg7 30. Red1 Ne7 31. Rd6 Rxd6 32. Rxd6 Qc8 33. Qd2 f5 34. exf5
Nxf5 35. Qd5+ Kh8 36. Nxe5 Nxd6 37. Qxd6 Qe8 38. Nac6 Rf5 39. Nf3 Rf6 40. Qd8
Qxd8 41. Nxd8 Kg8 42. Ng5 Rf4 43. Nc6 Bd4+ 44. Kh2 Be3 45. Ne7+ Kh8 46. Nd5 Rf5
47. Nxe3 Rxg5 48. c6 Re5 49. c7 Re8 50. Nd5 Rc8 51. Kg3 Kg7 52. Kf4 Kf7 53. Ke5
Ke8 54. Kd6 h5 55. Nb6 Rxc7 56. Kxc7 Ke7 57. Nd5+ Ke6 58. Kc6 Ke5 59. Kc5 g5
60. a3 h4 61. Nc7 Kf4 62. Ne6+ Kf5 63. Kd5 g4 64. hxg4+ Kxg4 65. Ke4 Kg3 66.
Nf4 Kf2 67. Ng6 Kg3 68. Nxh4 Kxh4 69. Kd5 1-0

[Event "XI Weekend C"]
[Site "Gorgonzola ITA"]
[Date "2006.11.19"]
[Round "5"]
[White "Epitome, Nando"]
[Black "Scarabelli, Maurizio"]
[Result "0-1"]
[WhiteElo "1661"]
[BlackElo "1745"]
[PlyCount "104"]
[EventDate "2006.11.11"]

1. d4 d5 2. c4 e6 3. Nc3 Be7 4. Bf4 c6 5. e3 Nf6 6. h3 Nbd7 7. Nf3 O-O 8. a3
Re8 9. c5 Nf8 10. Bd3 Ng6 11. Bh2 Nd7 12. b4 Bf6 13. O-O e5 14. Bxg6 hxg6 15.
dxe5 Nxe5 16. Rc1 Bd7 17. Nd4 Qc8 18. b5 Kh7 19. a4 Rh8 20. f4 Nc4 21. Rf3 cxb5
22. Nxd5 Qxc5 23. Nxf6+ gxf6 24. axb5 Bxb5 25. Qb3 a6 26. Bg3 Kg7 27. Bf2 Rac8
28. e4 Qe7 29. Rg3 Qxe4 30. f5 g5 31. Re1 Qf4 32. Re7 Qc1+ 33. Re1 Qb2 34. Nxb5
Qxb3 35. Rxb3 axb5 36. Rxb5 Nd6 37. Rd5 Rc6 38. Bg3 Re8 39. Rb1 Ne4 40. Be1 b6
41. Rdb5 Nc5 42. Bf2 Na4 43. R1b4 Rc1+ 44. Kh2 Rc2 45. Bxb6 Nxb6 46. Rxb6 Rc7
47. Rg4 Re5 48. h4 Rxf5 49. Kh3 Rc3+ 50. g3 Rc2 51. Re4 Rff2 52. hxg5 f5 0-1

[Event "XI Weekend C"]
[Site "Gorgonzola ITA"]
[Date "2006.11.19"]
[Round "5"]
[White "Gazzetta, Marco"]
[Black "Paolini, Novello Massimo"]
[Result "1-0"]
[WhiteElo "1673"]
[BlackElo "1688"]
[PlyCount "59"]
[EventDate "2006.11.11"]

1. e4 Nf6 2. Nc3 d5 3. e5 Ne4 4. d4 Nxc3 5. bxc3 c5 6. Be2 Nc6 7. f4 Qa5 8. Bd2
c4 9. Bf3 Bd7 10. Ne2 h5 11. Ng3 g6 12. h4 e6 13. Nf1 Be7 14. Ne3 a6 15. Qb1 b5
16. a3 O-O 17. g4 hxg4 18. Bxg4 Kg7 19. Nxd5 Bxh4+ 20. Rxh4 exd5 21. Qd1 Bxg4
22. Qxg4 Ne7 23. Qg5 f6 24. exf6+ Rxf6 25. Rh7+ Kxh7 26. Qxf6 Nf5 27. Qf7+ Kh6
28. Kf2 Qd8 29. Rh1+ Nh4 30. f5+ 1-0

[Event "XI Weekend C"]
[Site "Gorgonzola ITA"]
[Date "2006.11.19"]
[Round "5"]
[White "Loaldi, Davide"]
[Black "Safira, Anamaria"]
[Result "0-1"]
[WhiteElo "1524"]
[BlackElo "1689"]
[PlyCount "78"]
[EventDate "2006.11.11"]

1. e4 c6 2. d4 d5 3. Nc3 dxe4 4. Nxe4 Bf5 5. Ng3 Bg6 6. h4 h5 7. Nf3 e6 8. Bd3
Bxd3 9. Qxd3 Nf6 10. Bg5 Qa5+ 11. c3 Nbd7 12. O-O Bd6 13. Ne4 Nxe4 14. Qxe4 Nf6
15. Bxf6 gxf6 16. Nd2 Qd5 17. Qxd5 cxd5 18. Rae1 O-O-O 19. c4 Bf4 20. Rd1 Bxd2
21. Rxd2 dxc4 22. Rc1 Kb8 23. Rxc4 Rc8 24. Rdc2 f5 25. Rxc8+ Rxc8 26. Rxc8+
Kxc8 27. f3 Kd7 28. Kf2 Kd6 29. g4 Ke7 30. Ke3 fxg4 31. fxg4 hxg4 32. Kf4 f5
33. Kg3 Kf6 34. Kf4 Kg6 35. Kg3 Kh5 36. b3 f4+ 37. Kxf4 Kxh4 38. Ke3 Kh3 39.
Kf2 Kh2 0-1

[Event "XI Weekend C"]
[Site "Gorgonzola ITA"]
[Date "2006.11.19"]
[Round "5"]
[White "Madaschi, Sergio"]
[Black "Magistroni, Imerio"]
[Result "0-1"]
[WhiteElo "1568"]
[BlackElo "1693"]
[PlyCount "130"]
[EventDate "2006.11.11"]

1. e4 d6 2. d4 Nf6 3. Nc3 g6 4. f4 Bg7 5. Nf3 c5 6. dxc5 Qa5 7. Bd3 Qxc5 8. Qe2
O-O 9. Be3 Qc7 10. O-O-O a6 11. h3 e6 12. g4 Nc6 13. Bd2 b5 14. e5 Nd7 15. exd6
Qxd6 16. Ne4 Qe7 17. Qe1 Bb7 18. Rf1 Nb6 19. Bc3 Bxc3 20. Qxc3 Nd5 21. Qd2 Ncb4
22. Kb1 Nxd3 23. cxd3 Rfd8 24. h4 Nb4 25. Qe2 Bd5 26. a3 Nc6 27. g5 Bb3 28.
Nf6+ Kh8 29. Rc1 Qd6 30. Rc3 Bd5 31. Nd2 b4 32. axb4 Rab8 33. Nde4 Qxb4 34.
Rfc1 Nd4 35. Qf2 Bb3 36. h5 Qa4 37. Rg1 Qa2+ 38. Kc1 Qa1+ 39. Kd2 Qxb2+ 40. Ke3
Nf5+ 41. Kf3 Qxf2+ 42. Nxf2 a5 43. hxg6 fxg6 44. Rc7 Bd5+ 45. Kg4 Rb7 46. Rgc1
Rxc7 47. Rxc7 Ng7 48. Ra7 Ra8 49. Rd7 a4 50. Nxd5 exd5 51. Rxd5 a3 52. Re5 a2
53. Re1 a1=Q 54. Rxa1 Rxa1 55. Kf3 Ra4 56. Ne4 Nf5 57. Kg4 Rd4 58. Nf2 Kg7 59.
Kf3 Kf7 60. Kg4 Ke6 61. Kf3 Kd5 62. Kg4 Kc5 63. Kf3 Kb4 64. Kg4 Kc3 65. Kf3 Kd2
0-1

[Event "XI Weekend C"]
[Site "Gorgonzola ITA"]
[Date "2006.11.19"]
[Round "5"]
[White "Megna, Giuseppe"]
[Black "Rinaldo, Andrea"]
[Result "1-0"]
[WhiteElo "1691"]
[BlackElo "1748"]
[PlyCount "53"]
[EventDate "2006.11.11"]

1. d4 d5 2. c4 c6 3. cxd5 cxd5 4. Nc3 e6 5. Nf3 a6 6. g3 Bd6 7. Bg2 Nf6 8. O-O
O-O 9. Bg5 h6 10. Bf4 Bxf4 11. gxf4 Qd6 12. Ne5 Nc6 13. e3 Ne7 14. Kh1 Bd7 15.
Rg1 b5 16. Rc1 Rac8 17. Qb3 Rc7 18. Nd3 Rfc8 19. Nc5 Qb6 20. h3 Qa5 21. a3 Be8
22. e4 dxe4 23. N3xe4 Nxe4 24. Bxe4 Qd2 25. Qe3 Qxb2 26. Rc2 Qxc2 27. Bxc2 1-0

[Event "XI Weekend C"]
[Site "Gorgonzola ITA"]
[Date "2006.11.19"]
[Round "5"]
[White "Menato, Nazario"]
[Black "Rossini, Walter"]
[Result "1/2-1/2"]
[WhiteElo "1544"]
[BlackElo "1514"]
[PlyCount "73"]
[EventDate "2006.11.11"]

1. d4 d5 2. c4 dxc4 3. Qa4+ c6 4. Qxc4 Nf6 5. Nc3 e6 6. e4 Be7 7. Nf3 Nbd7 8.
Be2 O-O 9. O-O c5 10. Be3 b6 11. Rad1 Qc7 12. h3 a6 13. e5 Ne8 14. Bg5 Bxg5 15.
Nxg5 Bb7 16. Bg4 cxd4 17. Qd3 g6 18. Qxd4 Nxe5 19. Be2 h6 20. Nge4 b5 21. f4
Nc6 22. Nf6+ Nxf6 23. Qxf6 Rad8 24. h4 Rxd1 25. Rxd1 Rd8 26. h5 Rxd1+ 27. Bxd1
Qe7 28. Ne4 Qxf6 29. Nxf6+ Kg7 30. Ne8+ Kf8 31. Nf6 Ne7 32. b4 Nd5 33. Nd7+ Ke7
34. Nc5 Bc8 35. hxg6 fxg6 36. Nd3 Kf6 37. Kf2 1/2-1/2

[Event "XI Weekend C"]
[Site "Gorgonzola ITA"]
[Date "2006.11.19"]
[Round "5"]
[White "Myftaraj, Ylli"]
[Black "Ragoso, Mario"]
[Result "1-0"]
[WhiteElo "1524"]
[BlackElo "1604"]
[PlyCount "97"]
[EventDate "2006.11.11"]

1. d4 Nf6 2. c4 e6 3. Nc3 Bb4 4. Qc2 c5 5. e3 Nc6 6. Nf3 cxd4 7. Nxd4 Qb6 8. a3
Nxd4 9. exd4 Qa5 10. Bd2 b6 11. Rd1 Bxc3 12. Bxc3 Qa6 13. d5 O-O 14. Bxf6 gxf6
15. Rd4 Qa5+ 16. Qc3 Qxc3+ 17. bxc3 Ba6 18. Bd3 Rac8 19. O-O Rc5 20. dxe6 dxe6
21. Rg4+ Rg5 22. Rh4 f5 23. Re1 Rd8 24. Bf1 Kh8 25. Rd4 Rgg8 26. Red1 Rc8 27.
Rd7 Kg7 28. Rxa7 Bxc4 29. Rdd7 Rgf8 30. Rdc7 Bxf1 31. Kxf1 Ra8 32. Ke2 Rxa7 33.
Rxa7 Kf6 34. Rb7 Ra8 35. Rxb6 Rxa3 36. Rc6 Ra2+ 37. Kf3 Rc2 38. g3 Rc1 39. Rc7
h6 40. c4 Kg6 41. c5 h5 42. h4 e5 43. c6 Rc3+ 44. Kg2 e4 45. Rc8 Rc2 46. c7 Kg7
47. Kf1 f6 48. Ke1 Kf7 49. Rh8 1-0

[Event "XI Weekend C"]
[Site "Gorgonzola ITA"]
[Date "2006.11.19"]
[Round "5"]
[White "Nastasi, Maurizio"]
[Black "Galimberti, Maurizio"]
[Result "1/2-1/2"]
[WhiteElo "1553"]
[BlackElo "1524"]
[PlyCount "32"]
[EventDate "2006.11.11"]

1. e4 e6 2. d4 c5 3. Nf3 cxd4 4. Nxd4 Nf6 5. Nc3 Qb6 6. Be2 Bb4 7. Be3 Nxe4 8.
Qd3 Nxc3 9. bxc3 Bc5 10. O-O a6 11. Rab1 Qc7 12. Rfe1 Nc6 13. Nxe6 dxe6 14.
Bxc5 Ne5 15. Qd4 f6 16. Rbd1 Nf7 1/2-1/2

[Event "XI Weekend C"]
[Site "Gorgonzola ITA"]
[Date "2006.11.19"]
[Round "5"]
[White "Orsucci, Marzio"]
[Black "Villa, Maurizio"]
[Result "1-0"]
[WhiteElo "1583"]
[BlackElo "1530"]
[PlyCount "59"]
[EventDate "2006.11.11"]

1. e4 c6 2. d4 d5 3. e5 Bf5 4. Bd3 Bxd3 5. Qxd3 e6 6. Nf3 Ne7 7. Nbd2 Nf5 8. g4
Nh6 9. h3 c5 10. dxc5 Bxc5 11. Qb5+ Nd7 12. Nb3 b6 13. Nfd4 a6 14. Qe2 Qc7 15.
Bxh6 gxh6 16. f4 Rg8 17. O-O-O Qb7 18. c4 O-O-O 19. cxd5 Qxd5 20. Qxa6+ Kb8 21.
Qa4 Kb7 22. Nb5 Qc6 23. Nd6+ Bxd6+ 24. Qxc6+ Kxc6 25. Rxd6+ Kc7 26. Nd4 Ra8 27.
Nb5+ Kd8 28. Rhd1 Rxa2 29. Rxd7+ Ke8 30. Rd8+ 1-0

[Event "XI Weekend C"]
[Site "Gorgonzola ITA"]
[Date "2006.11.19"]
[Round "5"]
[White "Petetta, Roberto"]
[Black "Agustoni, Alessandro"]
[Result "1-0"]
[WhiteElo "1652"]
[BlackElo "1506"]
[PlyCount "91"]
[EventDate "2006.11.11"]

1. e4 e6 2. d4 d5 3. exd5 exd5 4. Nf3 Nf6 5. Be2 Bd6 6. Bg5 Bf5 7. O-O O-O 8.
Ne5 c6 9. Bd3 Be6 10. f4 Be7 11. Nd2 Ne4 12. Bxe7 Qxe7 13. Nxe4 dxe4 14. Bxe4
Nd7 15. g4 Nxe5 16. dxe5 Qc5+ 17. Rf2 Rad8 18. Qf3 Rd2 19. a3 Bxg4 20. Qg3 Rfd8
21. b4 Qd4 22. Re1 Qxf2+ 23. Qxf2 Rxf2 24. Kxf2 Rd2+ 25. Kg3 Re2 26. Rxe2 Bxe2
27. Kf2 Bc4 28. Ke3 Kf8 29. Kd4 Be6 30. Kc5 h6 31. Kd6 Bd5 32. Bxd5 cxd5 33.
Kxd5 Ke7 34. c4 f6 35. f5 fxe5 36. Kxe5 Kd7 37. Kd5 Ke7 38. c5 Kd7 39. b5 a6
40. a4 axb5 41. axb5 Ke7 42. c6 bxc6+ 43. bxc6 Kd8 44. Kd6 Kc8 45. c7 h5 46. h4
1-0

[Event "XI Weekend C"]
[Site "Gorgonzola ITA"]
[Date "2006.11.19"]
[Round "5"]
[White "Politi, Marco Augusto"]
[Black "Pezzotta, Gianni"]
[Result "1-0"]
[WhiteElo "1643"]
[BlackElo "1504"]
[PlyCount "120"]
[EventDate "2006.11.11"]

1. c4 f5 2. Nc3 Nf6 3. d4 g6 4. Nf3 d6 5. e3 Bg7 6. Be2 O-O 7. O-O Qe8 8. Qc2
e5 9. dxe5 dxe5 10. Nb5 Qe7 11. b3 e4 12. Nfd4 c5 13. Ba3 a6 14. Nc3 Rd8 15.
Bd1 Qc7 16. Nde2 b6 17. Rb1 Nc6 18. Nf4 Ne7 19. g3 h6 20. Be2 g5 21. Ng2 Ng6
22. Rfd1 Be6 23. Bb2 g4 24. Nf4 Nxf4 25. gxf4 Qf7 26. Kg2 h5 27. Rh1 Rab8 28.
a4 Rd7 29. Rbd1 Rbd8 30. Rxd7 Rxd7 31. Rd1 Rxd1 32. Qxd1 Qe7 33. Qd2 h4 34. h3
gxh3+ 35. Kxh3 Ng4 36. f3 exf3 37. Bxf3 Bf6 38. Nd5 Bxd5 39. Bxd5+ Kh7 40. Bxf6
Qxf6 41. Bf3 Nh6 42. Qd7+ Kh8 43. Qe8+ Kg7 44. Qe5 a5 45. Qxf6+ Kxf6 46. Kxh4
Nf7 47. e4 fxe4 48. Bxe4 Nd6 49. Bc2 Nf7 50. Kg3 Nd8 51. Kf3 Nc6 52. Ke4 Ne7
53. Bb1 Nc6 54. Kd5 Nd4 55. f5 Nxb3 56. Kc6 Nd2 57. Bd3 Nb3 58. Kxb6 Ke5 59.
Bc2 Nd4 60. Bb1 Nb3 1-0

[Event "XI Weekend C"]
[Site "Gorgonzola ITA"]
[Date "2006.11.19"]
[Round "5"]
[White "Raimondi, Davide"]
[Black "Delledonne, Francesco"]
[Result "1/2-1/2"]
[WhiteElo "1678"]
[BlackElo "1586"]
[PlyCount "43"]
[EventDate "2006.11.11"]

1. e4 c5 2. Nf3 d6 3. Bb5+ Nd7 4. O-O Ngf6 5. Re1 a6 6. Bxd7+ Bxd7 7. h3 g6 8.
e5 dxe5 9. Nxe5 Be6 10. d3 Bg7 11. Bf4 Nd5 12. Bh2 O-O 13. Nd2 Rc8 14. Ndf3 h6
15. d4 c4 16. c3 b5 17. a3 Qb6 18. Nd2 Nf6 19. Ndf3 a5 20. Qd2 Bd5 21. Qe3 Be6
22. Bf4 1/2-1/2